000 06455cam a2200313 a 4500
003 EG-GiCUC
005 20250223032106.0
008 181028s2018 ua f m 000 0 ara d
040 _aEG-GiCUC
_bara
_cEG-GiCUC
041 0 _aara
049 _aايداع
097 _aماجستير
099 _aCai01.02.05.M.A.2018.لي.د
100 0 _aليزا سعيد أبو زيد
245 1 0 _aدور النسبوية فى الإبستمولوجيا النسوية :
_bدراسة فى فلسفة لورين كود = The role of relativism in feminist epistemology , An approach to the philosophy of lorraine code /
_cليزا سعيد أبو زيد ؛ إشراف يمنى طريف الخولى
260 _aالقاهرة :
_bليزا سعيد أبو زيد :
_c2018
300 _a183ص ؛
_c25سم
502 _aاطروحة (ماجستير) - جامعة القاهرة - كلية الآداب - قسم الفلسفة
520 _a{uFEDF}{uFE8C}{uFEE5} {uFEDC}{uFE8E}{uFEE8}{uFE95} {uFE8D}{uFEDF}{uFED4}{uFEE0}{uFEB4}{uFED4}{uFE94} {uFE8D}{uFEDF}{uFEE8}{uFEB4}{uFEED}{uFEF4}{uFE94} {uFEE4}{uFEE5} {uFE83}{uFE92}{uFEAD}{uFEAF} {uFE8D}{uFEDF}{uFE98}{uFEF4}{uFE8E}{uFEAD}{uFE8D}{uFE95} {uFE8D}{uFEDF}{uFEAD}{uFE8D}{uFEEB}{uFEE8}{uFE94} فى {uئإ٨ؤ}{uئإؤئ}{uئإؤ٤}{uئإؤأ}{uئإءؤ} {uئإ٨ؤ}{uئإؤئ}{uئإؤ٤}{uئإإ٠}{uئإآ٤}فى {uئإ٨ؤ}{uئإؤئ}{uئإءآ}ى {uئإئ٤}{uئإإ٨}{uئإأ١}{uئإإ٠}{uئإؤ٥} {uئإإ٤}{uئإإ٥} {uئإ٨ؤ}{uئإؤئ}{uئإإؤ}{uئإ٨ؤ}{uئإؤ٧}{uئإأء} {uئإإؤ} {uئإئ٤}{uئإأأ}{uئإ٨إ}{uئإؤئ}{uئإ٩إ} {uئإؤ٧}{uئإأ٠}{uئإ٨إ}{uئإئ٤}{uئإ٨إ}{uئإإ٩}: {uئإؤ٣}{uئإ٨٨}{uئإإ٨}{uئإإء} {uئإئ٤}{uئإإ٤}{uئإؤأ}{uئإإ٨}{uئإإ٨}{uئإ٨إ} {uئإ٨ؤ}{uئإأآ}{uئإ٩٨}{uئإ٩٢}{uئإ٨إ}{uئإءؤ} {uئإؤئ}{uئإإؤ}{uئإءؤ}{uئإئ٤}{uئإإ٥} {uئإؤأ}{uئإإؤ}{uئإء٩} {uئإ٩٢}{uئإء٩}{uئإإؤ}{uئإءؤ}{uئإإآ}{uئإ٨إ} {uئإإ٤}{uئإإ٥} {uئإ٨٣}{uئإإآ}{uئإإ١} {uئإ٨ؤ}{uئإؤئ}{uئإؤ٤}{uئإئ٤}{uئإإ٠}{uئإآ٤}{uئإإؤ}{uئإؤ٣}{uئإ٨إ}{uئإ٩٥} {uئإ٨ؤ}{uئإؤئ}{uئإإ٨}{uئإآ٤}{uئإإؤ}{uئإئ٤}{uئإ٨إ}{uئإ٩٥}: {uئإ٨٧}{uئإءآ} {uئإؤ٧}{uئإء٩}{uئإإ٤}{uئإ٩٥} {uئإ٨٧}{uئإآ٤}{uئإإأ}{uئإ٨إ}{uئإإ٤}{uئإ٨إ}{uئإ٩٥} {uئإإ٤}{uئإآ٤}{uئإ٩٨}{uئإء٠}{uئإء٩}{uئإإ٩} فى {uئإ٨ؤ}{uئإؤئ}{uئإؤ٤}{uئإإ٠}{uئإآ٤}{uئإؤ٤}{uئإ٩٤} {uئإ٨ؤ}{uئإؤئ}{uئإإ٨}{uئإآ٤}{uئإإؤ}{uئإئ٤}{uئإ٩٤} {uئإأآ}{uئإإ٠}{uئإئ٠} {uئإ٨ؤ}{uئإؤئ}{uئإأأ}{uئإإ٤}{uئإإؤ}{uئإإ١} {uئإإؤ} فى {uئإ٨ؤ}{uئإئ٩}{uئإ٩٢}{uئإآ٤}{uئإ٩٨}{uئإإ٤}{uئإإؤ}{uئإؤئ}{uئإإؤ}{uئإء٠}{uئإئ٤}{uئإ٨إ} {uئإ٨ؤ}{uئإؤئ}{uئإإ٨}{uئإآ٤}{uئإإؤ}{uئإئ٤}{uئإ٩٤} {uئإأآ}لى {uئإ٨ؤ}{uئإؤئ}{uئإء٨}{uئإآأ}{uئإإؤ}{uئإآ٩}. {uئإإؤ} {uئإئ٤}{uئإءؤ}{uئإ٩٨}{uئإؤأ}{uئإءئ} {uئإ٨٧}{uئإآ٤}{uئإإأ}{uئإ٨إ}{uئإإ٤}{uئإإأ}{uئإ٨إ} {uئإ٨ؤ}{uئإئ٩}{uئإ٩٢}{uئإآ٤}{uئإ٩٨}{uئإإ٤}{uئإإؤ}{uئإؤئ}{uئإإؤ}جى {uئإأآ}{uئإإ٠}{uئإئ٠} {uئإ٩٨}{uئإؤ٨}{uئإإ٨}{uئإئ٤}{uئإإ٥} {uئإإؤ} {uئإ٩٨}{uئإؤ٤}{uئإأأ}{uئإئ٤}ل {uئإؤئ}{uئإإ٤}{uئإؤ٨}{uئإإؤ}{uئإؤئ}{uئإ٩٤} {uئإ٨ؤ}{uئإؤئ}{uئإإ٨}{uئإآ٤}{uئإ٩٢}{uئإإؤ}{uئإئ٤}{uئإ٩٤} {uئإ٨ؤ}{uئإؤئ}تى {uئإ٨ؤ}{uئإء٤}{uئإ٩٨}{uئإإ٠}{uئإ٩٥} {uئإإ٤}{uئإإؤ}{uئإؤ٧}{uئإأأ}{uئإإأ}{uئإ٨إ} {uئإ٨٧}{uئإ٩٢}{uئإ٨إ}{uئإإ٥} {uئإ٨ؤ}{uئإؤئ}{uئإأأ}{uئإؤ٨}{uئإإؤ}{uئإء٩} {uئإ٨ؤ}{uئإئ٧}{uئإء٨}{uئإئ٤}{uئإءؤ}{uئإ٩٣} فى {uئإ٨ؤ}{uئإئ٩}{uئإ٩٢}{uئإآ٤}{uئإ٩٨}{uئإإ٤}{uئإإؤ}{uئإؤئ}{uئإإؤ}{uئإء٠}{uئإئ٤}{uئإ٨إ} {uئإإؤ} {uئإ٨ؤ}{uئإئآ}{uئإ٩٨}{uئإء٠}{uئإ٨إ}{uئإإآ}{uئإ٨إ}{uئإ٩٥} {uئإ٨ؤ}{uئإؤئ}{uئإإ٤}{uئإء٤}{uئإء٩}{uئإ٩أ}{uئإ٩٤} فى {uئإؤ٣}{uئإإ٠}{uئإآ٤}{uئإؤ٤}{uئإ٩٤} {uئإ٨ؤ}{uئإؤئ}{uئإأأ}{uئإإ٠}{uئإإ١}. {uئإإؤ} {uئإ٩٢}{uئإإ٤}{uئإأأ}{uئإ٨إ}{uئإؤئ}{uئإء٠}{uئإ٩٤} {uئإ٨٣}{uئإ٩٢}{uئإأأ}{uئإ٨إ}{uئإء٩} {uئإإؤ} {uئإ٨ؤ}{uئإإ٤}{uئإ٩٨}{uئإء٩}{uئإ٨ؤ}{uئإء٩}{uئإ٨ؤ}{uئإ٩٥} {uئإ٨ؤ}{uئإؤئ}{uئإإ٨}{uئإآ٤}{uئإ٩٢}{uئإإؤ}{uئإئ٤}{uئإ٩٤} {uئإئ٤}{uئإ٩٨}{uئإأ٠}{uئإء٢} {uئإؤأ}{uئإئ٤}{uئإؤ١} {uئإؤ٧}{uئإء٩}{uئإإ٤}{uئإ٩٥} {uئإؤئ}{uئإإؤ}{uئإءؤ}{uئإئ٤}{uئإإ٥} {uئإؤأ}{uئإإؤ}{uئإء٩} {uئإؤئ}{uئإإ٠}{uئإؤ٤}{uئإؤأ}{uئإءؤ} {uئإ٨ؤ}{uئإؤئ}{uئإؤ٤}{uئإإ٠}{uئإآ٤}فى {uئإ٨ؤ}{uئإؤئ}{uئإإ٨}{uئإآ٤}{uئإإؤ}ى {uئإ٨٧}{uئإ٩٢}{uئإآ٤}{uئإ٩٨}{uئإإ٤}{uئإإؤ}{uئإؤئ}{uئإإؤ}{uئإء٠}{uئإئ٤}{uئإ٨إ} {uئإ٨٧}{uئإإ٨}{uئإآ٤}{uئإ٨إ}{uئإإ٨}{uئإئ٤}{uئإ٩٤} {uئإ٩٨}{uئإأأ}{uئإإ٤}ل {uئإأآ}{uئإإ٠}{uئإئ٠} {uئإ٨ؤ}{uئإئآ}{uئإإ٨}{uئإ٩٨}{uئإآأ}{uئإ٨إ}{uئإءؤ} {uئإؤئ}{uئإئ٦}{uئإء٨}{uئإءؤ} {uئإ٨ؤ}{uئإؤئ}{uئإإ٤}{uئإإأ}{uئإإ٤}{uئإآ٥} {uئإآ٤}{uئإإؤ}{uئإ٨ؤ}{uئإ٨٠} {uئإؤأ}{uئإ٨إ}{uئإإ٨}{uئإ٩٥} {uئإ٨ؤ}{uئإؤئ}{uئإإ٤}{uئإءؤ}{uئإ٨٣}{uئإ٩٣} {uئإ٨٣}{uئإإؤ} {uئإ٨ؤ}{uئإؤئ}{uئإإ٤}{uئإؤ٨}{uئإإأ}{uئإإؤ}{uئإءؤ}{uئإئ٤}{uئإإ٥} {uئإ٨٣}{uئإإؤ} {uئإ٨ؤ}{uئإؤئ}{uئإأ١}{uئإ٩٢}{uئإئ٤}{uئإأأ}{uئإ٩٤}
530 _aصدر ايضا كقرص مدمج
653 4 _a{uFE8D}{uFEDF}{uFEE8}سبوية
653 4 _a{uFE8D}{uFEF9}{uFE92}{uFEB4}{uFE98}{uFEE4}{uFEED}{uFEDF}{uFEED}{uFEA0}{uFEF4}{uFE8E} {uFE8D}{uFEDF}{uFEE8}{uFEB4}{uFEED}{uFEF4}{uFE94}
653 4 _a{uFEDF}{uFEED}{uFEAD}{uFEF4}{uFEE5} {uFEDC}{uFEED}{uFEA9}
700 0 _aيمنى طريف الخولى :
_eمشرف
856 _uhttp://172.23.153.220/th.pdf
905 _aNazla
_eRevisor
905 _aSamia
_eCataloger
942 _2ddc
_cTH
999 _c68197
_d68197